000 00954nam0a22002411i 4500
001 rc\694778
005 20240723220255.0
035 _a(NLR Aleph) 005931245
090 _a6580653
_c6580653
100 _a20031121d1985 u |0rusy50 ca
101 0 _arus
102 _aRU
105 _ay |||||||||
200 1 _aРазвитие и структура системы глагольного словоизменения в вепсском языке
_e(На материале южновепс. диалекта)
_eАвтореф. дис. на соиск. учен. степ. канд. филол. наук
_e(10.02.07)
210 _aТарту
_d1985
215 _a18 с.
300 _aВ надзаг.: Тарт. гос. ун-т
320 _aБиблиогр.: с. 18 (8 назв.)
700 1 _aКяхрик
_bА.И.
_gАйме Иоханнесовна
801 0 _aRU
_bNLR
_gpsbo
801 1 _aRU
_bELAR
_2rusmarc
852 _aNLR
_j86-4/16400
942 _cBOOK